000 00530nam a2200193 a 4500
001 1771665851500
003 YourLibrary
005 20260221145719.0
008 260221s2000##################000#0#eng##
020 _a9780792379225
082 0 4 _a338.476606
_bDEL
100 1 _aMothe, John de la,
_eauthor.
245 1 0 _aThe Economic and Social Dynamics of Biotechnology :
260 _bSpringer,
_c2000.
300 _a284 pages
650 0 _aBusiness & Economics.
942 _cENGLISH
040 _aYourLibrary
_beng
_cYourLibrary
999 _c615209
_d615209